| 000 | 01447cam a2200325 4500 | ||
|---|---|---|---|
| 001 | PE-LiUPU | ||
| 003 | PE-LiUPU | ||
| 005 | 20240507160002.0 | ||
| 008 | 090421s2009 sp | |||| 001 0 spa | ||
| 015 | _aMON09 | ||
| 017 |
_aB 2668-2009 _bOficina Depósito Legal Barcelona |
||
| 020 | _a9788493619473 | ||
| 035 | _a(OCoLC)733806853 | ||
| 040 |
_aPE-LiUPU _bspa _cPE-LiUPU _erda |
||
| 041 | 1 |
_aspa _heng |
|
| 080 | _a303.733.4 | ||
| 082 |
_223 _a303.49 _bS5292 |
||
| 100 | 1 | _aShapiro, Robert J. | |
| 240 | 1 | 0 |
_aFuturecast _lEspañol |
| 245 | 1 | 0 |
_a2020, un nuevo paradigma : _bCómo los retos del futuro cambiarán nuestra forma de vivir y trabajar / _cRobert J. Shapiro ; [traducción, María Isabel Merino Sánchez] |
| 264 |
_aBarcelona : _bTendencias ; _c2009. |
||
| 300 |
_a573 páginas : _c23 centímetros. |
||
| 490 | 0 | _aTendencias | |
| 500 | _aIncluye notas e Índice temático al final del libro. | ||
| 505 | _aEl plano global -- El seísmo demográfico -- La primacía de la globalización -- Los 2 polos de la globalización: China y Estados Unidos -- La nueva economía de la decadencia de Europa y Japón -- La nueva geopolítica de la superpotencia única: los actores -- La crisis que se avecina en sanidad, energía y medio ambiente global -- Los comodines de la historia: el terrorismo a gran escala y los avances tecnológicos. | ||
| 650 | 7 | _aProspectiva | |
| 901 | _aMON0907 | ||
| 942 |
_2ddc _cBK _n0 |
||
| 956 | _a2 | ||
| 999 |
_c62396 _d62395 |
||
| 980 |
_618228 _aChristian Lazo Analista Documental _818228 _gChristian Lazo Analista Documental |
||